The Pauline circle. (Record no. 5193)

000 -LEADER
fixed length control field 00632nam a2200193 a 4500
001 - CONTROL NUMBER
control field :::00002934$&:&@@
003 - CONTROL NUMBER IDENTIFIER
control field OkBaRHE
005 - DATE AND TIME OF LATEST TRANSACTION
control field 20100401122302.0
008 - FIXED-LENGTH DATA ELEMENTS--GENERAL INFORMATION
fixed length control field s1985 j 000 0 eng u
020 ## - INTERNATIONAL STANDARD BOOK NUMBER
International Standard Book Number 0802800661 (pbk.)
040 ## - CATALOGING SOURCE
Transcribing agency
100 1# - MAIN ENTRY--PERSONAL NAME
Personal name Bruce, F. F. (Frederick Fyvie), 1910-
245 14 - TITLE STATEMENT
Title The Pauline circle.
260 ## - PUBLICATION, DISTRIBUTION, ETC. (IMPRINT)
Place of publication, distribution, etc Grand Rapids, MI., :
Name of publisher, distributor, etc W.B. Eerdmans Pub. Co.
Date of publication, distribution, etc 1985
300 ## - PHYSICAL DESCRIPTION
Extent 106 p. ;
Dimensions 22 cm.
650 ## - SUBJECT ADDED ENTRY--TOPICAL TERM
Topical term or geographic name as entry element Paul, the Apostle, Saint
General subdivision Friends and associates
942 ## - ADDED ENTRY ELEMENTS (KOHA)
Source of classification or shelving scheme
Koha item type Books
Copies
Total Checkouts Permanent Location Damaged status Price effective from Lost status Current Location Not for loan Barcode Copy number Date acquired Source of classification or shelving scheme Koha item type Date checked out Date last seen Full call number Withdrawn status Shelving location
1RHEMA Bible Training College 2010-04-14 RHEMA Bible Training College 293412010-04-14 Books2020-09-252020-10-06BS 2506 .B756 1985 General Stacks